<?xml version="1.0" encoding="UTF-8"?>
<record
    xmlns:xsi="http://www.w3.org/2001/XMLSchema-instance"
    xsi:schemaLocation="http://www.loc.gov/MARC21/slim http://www.loc.gov/standards/marcxml/schema/MARC21slim.xsd"
    xmlns="http://www.loc.gov/MARC21/slim">

  <leader>00991nas a22002057a 4500</leader>
  <datafield tag="999" ind1=" " ind2=" ">
    <subfield code="c">81039</subfield>
    <subfield code="d">81039</subfield>
  </datafield>
  <controlfield tag="003">NALT</controlfield>
  <controlfield tag="005">20181203152430.0</controlfield>
  <controlfield tag="008">170829b        xxu||||| |||| 00| 0 tha d</controlfield>
  <datafield tag="022" ind1=" " ind2=" ">
    <subfield code="a">08580731</subfield>
  </datafield>
  <datafield tag="040" ind1=" " ind2=" ">
    <subfield code="a">NALT</subfield>
  </datafield>
  <datafield tag="041" ind1="0" ind2=" ">
    <subfield code="a">tha</subfield>
  </datafield>
  <datafield tag="245" ind1="1" ind2="0">
    <subfield code="a">EconNews</subfield>
  </datafield>
  <datafield tag="260" ind1="3" ind2=" ">
    <subfield code="b">&#xE1A;&#xE23;&#xE34;&#xE29;&#xE31;&#xE17;&#xE2D;&#xE35;&#xE04;&#xE2D;&#xE19;&#xE19;&#xE34;&#xE27;&#xE2A;&#xE4C; &#xE08;&#xE33;&#xE01;&#xE31;&#xE14;</subfield>
  </datafield>
  <datafield tag="310" ind1=" " ind2=" ">
    <subfield code="a">&#xE23;&#xE32;&#xE22;&#xE40;&#xE14;&#xE37;&#xE2D;&#xE19;</subfield>
  </datafield>
  <datafield tag="500" ind1=" " ind2=" ">
    <subfield code="a">&#xE2B;&#xE22;&#xE38;&#xE14;&#xE1C;&#xE25;&#xE34;&#xE15;&#xE2B;&#xE25;&#xE31;&#xE07;&#xE40;&#xE14;&#xE37;&#xE2D;&#xE19;&#xE18;&#xE31;&#xE19;&#xE27;&#xE32;&#xE04;&#xE21; 2560</subfield>
  </datafield>
  <datafield tag="850" ind1=" " ind2=" ">
    <subfield code="a">NALT</subfield>
  </datafield>
  <datafield tag="866" ind1="3" ind2="1">
    <subfield code="a">&#xE1B;&#xE35;&#xE17;&#xE35;&#xE48; 23 &#xE09;&#xE1A;&#xE31;&#xE1A;&#xE17;&#xE35;&#xE48; 543-554 (2555), &#xE1B;&#xE35;&#xE17;&#xE35;&#xE48; 24 &#xE09;&#xE1A;&#xE31;&#xE1A;&#xE17;&#xE35;&#xE48; 556-566 (2556), &#xE1B;&#xE35;&#xE17;&#xE35;&#xE48; 25 &#xE09;&#xE1A;&#xE31;&#xE1A;&#xE17;&#xE35;&#xE48; 567-570 (2557), &#xE1B;&#xE35;&#xE17;&#xE35;&#xE48; 26 &#xE09;&#xE1A;&#xE31;&#xE1A;&#xE17;&#xE35;&#xE48; 571-574, 577-580 (2558), &#xE1B;&#xE35;&#xE17;&#xE35;&#xE48; 27 &#xE09;&#xE1A;&#xE31;&#xE1A;&#xE17;&#xE35;&#xE48; 581-582, 584-591 (2559), &#xE1B;&#xE35;&#xE17;&#xE35;&#xE48; 28 &#xE09;&#xE1A;&#xE31;&#xE1A;&#xE17;&#xE35;&#xE48; 593-594 (2560), &#xE1B;&#xE35;&#xE17;&#xE35;&#xE48; 28 &#xE09;&#xE1A;&#xE31;&#xE1A;&#xE17;&#xE35;&#xE48; 599-602, 605 (2560)</subfield>
  </datafield>
  <datafield tag="942" ind1=" " ind2=" ">
    <subfield code="c">JNR</subfield>
    <subfield code="0">5</subfield>
    <subfield code="2">lcc</subfield>
  </datafield>
  <datafield tag="998" ind1=" " ind2=" ">
    <subfield code="b">34</subfield>
    <subfield code="d">2017-02-02 15:20:43.150</subfield>
  </datafield>
</record>
